000 00378nam a2200157 4500
008 190529s2008||||xo d
100 1 _aCushnir R. Howard
_91163
245 1 0 _aŠtestí bez podmínek
250 _a1. vydanie
020 _a9788081000621
_c0
041 1 _acez
044 _axo
_cSK
260 _bEugenika
_aBratislava
_c2008
300 _a197 s.
958 _aA
999 _c22467
_d22467